zpět

Detail výsledku týmu

Tipgames Bar, Bruntál

Datum a čas kvízu

20.5 Celkem bodů Celkový počet nahraných bodů na tomto kvízu bez doplňovacích otázek.
7. Pořadí na kvízu Konečné umístění týmu na tomto kvízu.

Zaznamenané odpovědi

# Otázka Odpověď Body Výsledky
1. Opravdu kuriózní střet se odeh... 1
2. Kim Čong-un si na summit v Sin... 1
3. V pondělí bylo oznámeno jméno... 1
4. Česká národní banka rozhodla o... 0
5. Jak se jmenuje zpěvák, jenž by... 1
6. My Češi jsme specialisté na př... 0
7. Jakou vžitou přezdívku mělo vo... 0
8. Jakou ptačí přezdívku dostal v... 1
9. V roce 1976 začala firma Merce... 1
10. Sovětský automobil vyšší střed... 0